| 000 | 01000cam a2200253 4500 | ||
|---|---|---|---|
| 001 | ABS61503 | ||
| 008 | 000000n1999 000 0 eng u | ||
| 035 | _a(Sirsi) u102842 | ||
| 100 | _aLopatin, M. | ||
| 245 | _aGoodbye, back office | ||
| 260 | _c1999 | ||
| 490 |
_aEstates Gazette _v(9942) 23 October 1999, 58-59(2) |
||
| 520 | _aDiscusses the conclusions of a report on future working environments by the Office of Science and Technology, "Britain towards 2010: the changing business environment". The report suggests that the trend towards outsourcing and smaller companies will lead to an increased demand for serviced offices and short-term leases. | ||
| 590 | _aABS | ||
| 650 | _aOFFICE SPACE | ||
| 650 | _aSERVICED OFFICES | ||
| 650 | _aOUTSOURCING | ||
| 650 | _aSHORT-TERM LEASES | ||
| 650 | _aBACK OFFICES | ||
| 650 | _aWORKING ENVIRONMENT | ||
| 650 | _aOFFICE OF SCIENCE AND TECHNOLOGY | ||
| 690 | _aPROPERTY-COMMERCIAL PROPERTY-COMMERCIAL PROPERTY MARKET | ||
| 942 | _n0 | ||
| 999 |
_c61814 _d61814 |
||